[Event "V Floripa Chess Open 2019"]
[Site "Florianopolis/SC"]
[Date "2019.01.25"]
[Round "7.175"]
[White "Belle, Diego Leonardo"]
[Black "Carvalho, Isis"]
[Result "1-0"]
[WhiteElo "1633"]
[BlackElo "1396"]
[PlyCount "47"]
[EventDate "2019.01.21"]
[EventRounds "10"]
[EventCountry "BRA"]

1. Nf3 Nf6 2. d4 g6 3. c4 Bg7 4. Nc3 O-O 5. e3 d6 6. Be2 Nbd7 7. O-O e5 8. dxe5 dxe5 9. Qc2 c6 10. Rd1 Qe7 11. a4 a5 12. b3 Nc5 13. Ba3 Bf5 14. e4 Nfxe4 15. Nxe4 Bxe4 16. Qxe4 Nxe4 17. Bxe7 Rfe8 18. Rd7 Nc3 19. Re1 e4 20. Nd2 Rxe7 21. Rxe7 Rd8 22. Nf1 Bf8 23. Rxb7 Bc5 24. g4 1-0

[Event "V Floripa Chess Open 2019"]
[Site "Florianopolis/SC"]
[Date "2019.01.25"]
[Round "7.176"]
[White "De Oliveira, Luca Manoel"]
[Black "Nunes Dos Santos, Rafael"]
[Result "1-0"]
[WhiteElo "1593"]
[BlackElo "1350"]
[PlyCount "121"]
[EventDate "2019.01.21"]
[EventRounds "10"]
[EventCountry "BRA"]

1. e4 c5 2. Nf3 g6 3. d4 Bg7 4. c3 cxd4 5. Nxd4 d5 6. Bb5+ Kf8 7. O-O a6 8. Ba4 b5 9. Bb3 Nf6 10. exd5 Nxd5 11. Nf3 Be6 12. Qd3 Nc6 13. Rd1 Nf6 14. Bf4 Qxd3 15. Rxd3 Bxb3 16. axb3 a5 17. b4 a4 18. Na3 Ng4 19. Rad1 e5 20. h3 exf4 21. hxg4 Ne5 22. Nxe5 Bxe5 23. Nxb5 Kg7 24. Rd5 Rhe8 25. Na3 Bf6 26. Kf1 Re5 27. Nc4 Re4 28. Nd6 Re6 29. Nb5 Re5 30. Nc7 Rxd5 31. Rxd5 Ra7 32. Ne8+ Kf8 33. Nxf6 a3 34. bxa3 Rxa3 35. Rd3 Ra6 36. Nd7+ Ke7 37. Nc5 Ra1+ 38. Ke2 Kf6 39. Ne4+ Ke5 40. Kf3 f5 41. gxf5 Kxf5 42. Nd6+ Ke5 43. b5 h5 44. b6 Rb1 45. Nc4+ Ke6 46. Rd2 Rb3 47. Rd3 Kf5 48. Nd6+ Ke5 49. Nc4+ Kf5 50. Ke2 g5 51. b7 Kg4 52. Nd6 h4 53. Rd4 Rb2+ 54. Kd3 Rb6 55. Ke4 h3 56. gxh3+ Kxh3 57. Rb4 Rxd6 58. b8=Q Rd1 59. Qh8+ Kg2 60. Rb2 g4 61. f3+ 1-0

[Event "V Floripa Chess Open 2019"]
[Site "Florianopolis/SC"]
[Date "2019.01.25"]
[Round "7.177"]
[White "Caporale, Giuseppe Guido"]
[Black "Blau, Vitoria Caroline"]
[Result "1-0"]
[WhiteElo "1592"]
[BlackElo "1339"]
[PlyCount "87"]
[EventDate "2019.01.21"]
[EventRounds "10"]
[EventCountry "BRA"]

1. e4 c5 2. c3 Nf6 3. e5 Nd5 4. d4 cxd4 5. Nf3 e6 6. cxd4 d6 7. Bb5+ Bd7 8. Bxd7+ Qxd7 9. O-O Be7 10. Nc3 Nxc3 11. bxc3 O-O 12. Ba3 Nc6 13. exd6 Bxd6 14. Ne5 Qc7 15. Bxd6 Qxd6 16. Nf3 Rfd8 17. Re1 Rac8 18. Re3 Na5 19. Qd3 h6 20. Ne5 a6 21. Qe2 b5 22. Rf3 Rc7 23. a4 Nb3 24. Rd1 bxa4 25. Rg3 f6 26. Ng4 Kf7 27. Re1 Qc6 28. Nxh6+ gxh6 29. Qh5+ Ke7 30. Qxh6 a3 31. Qg7+ Kd6 32. Qxf6 Re8 33. Qe5+ Kd7 34. Qe2 Qa4 35. Qa2 Rec8 36. c4 Nxd4 37. Rxa3 Qxc4 38. Qd2 Ke7 39. Qg5+ Kd6 40. h3 Rc5 41. Qg3+ Kc6 42. Rae3 a5 43. Kh1 a4 44. Re5 1-0

[Event "V Floripa Chess Open 2019"]
[Site "Florianopolis/SC"]
[Date "2019.01.25"]
[Round "7.178"]
[White "Araujo, Karla Priscilla Car"]
[Black "Romais, Rodrigo"]
[Result "0-1"]
[WhiteElo "1380"]
[BlackElo "1591"]
[PlyCount "52"]
[EventDate "2019.01.21"]
[EventRounds "10"]
[EventCountry "BRA"]

1. e4 e6 2. Qe2 c5 3. d3 Nc6 4. Nf3 Nge7 5. g3 d5 6. e5 Nf5 7. c3 Be7 8. h4 d4 9. Bg2 Qb6 10. O-O c4 11. Re1 dxc3 12. bxc3 Nxg3 13. Qd1 cxd3 14. Qxd3 Nf5 15. h5 h6 16. Nbd2 O-O 17. Ne4 Rd8 18. Qe2 Qc7 19. Bf4 b6 20. Ng3 Nxg3 21. Bxg3 Bb7 22. Kh2 Bc5 23. Rg1 Ne7 24. Rad1 Nf5 25. Bf4 Bb4 26. Rh1 Qxc3 0-1

[Event "V Floripa Chess Open 2019"]
[Site "Florianopolis/SC"]
[Date "2019.01.25"]
[Round "7.179"]
[White "Neuenfeld, Eduarda"]
[Black "Betti, Dulcineia"]
[Result "0-1"]
[WhiteElo "1313"]
[BlackElo "1588"]
[PlyCount "54"]
[EventDate "2019.01.21"]
[EventRounds "10"]
[EventCountry "BRA"]

1. d4 d5 2. Bf4 Nf6 3. e3 Nc6 4. Nf3 Bg4 5. Be2 e6 6. c4 Bb4+ 7. Nbd2 Ne4 8. cxd5 exd5 9. O-O Bxf3 10. Nxf3 g5 11. Be5 f6 12. Bg3 g4 13. Nh4 Nd2 14. Bxg4 Nxf1 15. Bh5+ Ke7 16. Nf5+ Kd7 17. Qg4 Nxg3 18. Ng7+ f5 19. Qxg3 Rg8 20. Qf4 Rxg7 21. Qxf5+ Ke7 22. Bg4 Qd6 23. a3 Rf8 24. Qh5 Ba5 25. b4 Bb6 26. Qh4+ Qf6 27. Qxf6+ Rxf6 0-1

[Event "V Floripa Chess Open 2019"]
[Site "Florianopolis/SC"]
[Date "2019.01.25"]
[Round "7.180"]
[White "Ferreira, Angelo Augusto Pach"]
[Black "Quaresma, Givanildo Ribeiro"]
[Result "0-1"]
[WhiteElo "1286"]
[BlackElo "1586"]
[PlyCount "70"]
[EventDate "2019.01.21"]
[EventRounds "10"]
[EventCountry "BRA"]

1. d4 d5 2. c4 e6 3. Nc3 Nf6 4. Bg5 Be7 5. Nf3 Nc6 6. e3 h6 7. Bh4 O-O 8. Bd3 Nb4 9. Be2 dxc4 10. Bxc4 c6 11. O-O Nbd5 12. Nxd5 exd5 13. Bd3 Bg4 14. h3 Bh5 15. Be2 Ne4 16. Bxe7 Qxe7 17. Ne5 Bxe2 18. Qxe2 Rad8 19. a3 Qg5 20. Rfc1 c5 21. Nf3 Qe7 22. dxc5 Nxc5 23. Qb5 b6 24. Rd1 Rd6 25. Nd4 Qe4 26. b4 Rg6 27. Nf3 Qxf3 28. Qf1 Na4 29. Rd2 Qxh3 30. Rxd5 Nc3 31. Rd2 Re8 32. Rc1 Ne4 33. Rd4 Rg5 34. Rc7 Ree5 35. f4 Qxe3+ 0-1

[Event "V Floripa Chess Open 2019"]
[Site "Florianopolis/SC"]
[Date "2019.01.25"]
[Round "7.182"]
[White "Jodorcovsky, Alejandro David"]
[Black "Jardim, Tamiris Salvador"]
[Result "1-0"]
[WhiteElo "1577"]
[BlackElo "1253"]
[PlyCount "93"]
[EventDate "2019.01.21"]
[EventRounds "10"]
[EventCountry "BRA"]

1. e4 c5 2. Nc3 e6 3. f4 d6 4. Nf3 a6 5. g3 Qc7 6. Bg2 Nd7 7. O-O Be7 8. d3 Ngf6 9. h3 O-O 10. g4 Rb8 11. Qe1 b5 12. Qg3 Bb7 13. f5 exf5 14. exf5 Rfe8 15. Bf4 Qb6 16. Kh2 Rbd8 17. Rae1 Bf8 18. Rxe8 Rxe8 19. Re1 Rxe1 20. Qxe1 h6 21. Ne4 d5 22. Nxf6+ Nxf6 23. Ne5 Bd6 24. Qg3 Qc7 25. Ng6 Bxf4 26. Qxf4 Qxf4+ 27. Nxf4 c4 28. dxc4 bxc4 29. Kg3 Kf8 30. Kf2 Ke7 31. Ke3 Kd6 32. b3 Kc5 33. c3 Ne4 34. Bxe4 dxe4 35. b4+ Kb5 36. Kd4 Bc6 37. Nh5 g6 38. fxg6 fxg6 39. Nf6 e3 40. Kxe3 Ka4 41. Kd4 Bb5 42. h4 Ka3 43. Ng8 h5 44. gxh5 gxh5 45. Nf6 Kxa2 46. Nxh5 Kb3 47. Nf6 1-0

[Event "V Floripa Chess Open 2019"]
[Site "Florianopolis/SC"]
[Date "2019.01.25"]
[Round "7.183"]
[White "Belmonte, Dulce"]
[Black "Garcia, Otavio Landerdahl"]
[Result "1-0"]
[WhiteElo "1570"]
[BlackElo "1208"]
[PlyCount "55"]
[EventDate "2019.01.21"]
[EventRounds "10"]
[EventCountry "BRA"]

1. d4 e6 2. c4 Nf6 3. Nc3 Bb4 4. e3 O-O 5. Nge2 d5 6. a3 Be7 7. Nf4 c5 8. cxd5 exd5 9. dxc5 Be6 10. b4 a5 11. Bb2 axb4 12. axb4 Rxa1 13. Bxa1 Na6 14. Bxa6 bxa6 15. O-O a5 16. bxa5 Qxa5 17. Ncxd5 Nxd5 18. Nxd5 Bxd5 19. Qxd5 Qxc5 20. Qf3 Rd8 21. Bd4 Qb5 22. Qg3 f6 23. Qc7 Kf7 24. Rc1 Kf8 25. g3 Rd7 26. Qc6 Qb7 27. Qe6 Qd5 28. Rc8+ 1-0

[Event "V Floripa Chess Open 2019"]
[Site "Florianopolis/SC"]
[Date "2019.01.25"]
[Round "7.184"]
[White "Santos, Gildemar De Oliveir"]
[Black "Nunes, Lucas Alexandre"]
[Result "1/2-1/2"]
[WhiteElo "1566"]
[BlackElo "1199"]
[PlyCount "39"]
[EventDate "2019.01.21"]
[EventRounds "10"]
[EventCountry "BRA"]

1. Nf3 Nc6 2. c4 Nf6 3. Nc3 e6 4. e3 Bb4 5. Qc2 d5 6. Ne2 b6 7. a3 Be7 8. g3 Ba6 9. Qa4 Bb7 10. Ne5 Qd6 11. Nd4 Nd7 12. Nexc6 Nc5 13. Qc2 Bxc6 14. Nxc6 Qxc6 15. Bg2 O-O 16. O-O Rad8 17. cxd5 exd5 18. b4 Qa4 19. Ra2 Qxc2 20. Rxc2 1/2-1/2

[Event "V Floripa Chess Open 2019"]
[Site "Florianopolis/SC"]
[Date "2019.01.25"]
[Round "7.185"]
[White "Borba Da Rosa, Rodrigo"]
[Black "Colaco, Willian Wagner Soar"]
[Result "0-1"]
[WhiteElo "1249"]
[BlackElo "1561"]
[PlyCount "88"]
[EventDate "2019.01.21"]
[EventRounds "10"]
[EventCountry "BRA"]

1. d4 d5 2. c4 c6 3. Nf3 Nf6 4. Nc3 e6 5. Bg5 Nbd7 6. c5 Be7 7. e3 h6 8. Bh4 b6 9. b4 a5 10. a3 Nh5 11. Bg3 Nxg3 12. hxg3 Bf6 13. Bd3 bxc5 14. bxc5 Nxc5 15. O-O Nxd3 16. Qxd3 Ba6 17. Qc2 Bxf1 18. Kxf1 O-O 19. Rc1 Qd6 20. Na4 Qxa3 21. Nc5 Be7 22. Nd3 a4 23. Nfe5 Rfc8 24. Nd7 Rc7 25. N3c5 Rd8 26. Nb6 Bxc5 27. dxc5 Qb3 28. Qxb3 axb3 29. Rb1 Ra7 30. Rxb3 Ra2 31. Rc3 f6 32. f4 Kf7 33. Rc1 Rb8 34. e4 Rb7 35. Nc8 Rbb2 36. f5 Rf2+ 37. Kg1 Rxg2+ 38. Kh1 Rh2+ 39. Kg1 Rag2+ 40. Kf1 Rc2 41. fxe6+ Kxe6 42. exd5+ Kxd5 43. Nb6+ Kxc5 44. Nd7+ Kd4 0-1

[Event "V Floripa Chess Open 2019"]
[Site "Florianopolis/SC"]
[Date "2019.01.25"]
[Round "7.186"]
[White "Ibanez, Jorge Llivi"]
[Black "Zottis, Ernani"]
[Result "1-0"]
[WhiteElo "1549"]
[BlackElo "1800"]
[PlyCount "56"]
[EventDate "2019.01.21"]
[EventRounds "10"]
[EventCountry "BRA"]

1. e4 e5 2. Bc4 Nf6 3. d3 h6 4. Be3 d6 5. h3 a5 6. a3 Be7 7. Nf3 O-O 8. Nc3 c6 9. Ne2 Qc7 10. O-O Rd8 11. Qc1 d5 12. Ba2 dxe4 13. dxe4 Nxe4 14. Ng3 Nf6 15. Re1 e4 16. Nd4 Bd6 17. Ndf5 Nd5 18. Bxh6 Bf4 19. Bxf4 Nxf4 20. Rxe4 Rd4 21. Nxd4 g5 22. Qe3 Bd7 23. h4 c5 24. Re8+ Kg7 25. Re7 c4 26. hxg5 Ng6 27. Ndf5+ Kf8 28. Qe4 b5 1-0

[Event "V Floripa Chess Open 2019"]
[Site "Florianopolis/SC"]
[Date "2019.01.25"]
[Round "7.222"]
[White "Duarte, Giovanna Torqui"]
[Black "Belle, Davi Lorensatto Fer"]
[Result "0-1"]
[WhiteElo "1673"]
[BlackElo "1769"]
[PlyCount "76"]
[EventDate "2019.01.21"]
[EventRounds "10"]
[EventCountry "BRA"]

1. d4 g6 2. Nf3 Bg7 3. e4 e6 4. Bd3 d5 5. Nc3 Ne7 6. O-O O-O 7. Re1 Nbc6 8. Be3 Nb4 9. Rc1 Nxd3 10. cxd3 c6 11. b4 b5 12. e5 h6 13. a3 a6 14. Rb1 Bd7 15. Bf4 g5 16. Bxg5 hxg5 17. Nxg5 f6 18. exf6 Bxf6 19. Nf3 Ng6 20. Ne5 Qe8 21. Nxd7 Qxd7 22. a4 Nf4 23. Kf1 Bg7 24. a5 Bxd4 25. Na2 Qg7 26. g3 Nh3 27. Re2 Rxf2+ 28. Rxf2 Nxf2 29. Qd2 Rf8 30. Ke1 Qe5+ 31. Kf1 Ne4+ 32. Ke1 Nxd2+ 33. Kd1 Nxb1 34. Nc1 Qh5+ 35. Kc2 Qe2+ 36. Kb3 Rf2 37. Nxe2 Rxe2 38. g4 Rb2# 0-1

[Event "V Floripa Chess Open 2019"]
[Site "Florianopolis/SC"]
[Date "2019.01.26"]
[Round "8.1"]
[White "Fier, Alexandr"]
[Black "Felgaer, Ruben"]
[Result "1/2-1/2"]
[WhiteElo "2540"]
[BlackElo "2567"]
[Annotator "TA"]
[PlyCount "179"]
[EventDate "2019.01.21"]
[EventRounds "10"]
[EventCountry "BRA"]

1. e4 c5 2. Nf3 Nc6 3. d4 cxd4 4. Nxd4 Nf6 5. Nc3 g6 6. Nxc6 dxc6 7. Qxd8+ Kxd8 8. Bc4 Ke8 9. a4 e5 10. a5 Bb4 11. f3 Ke7 12. Ke2 Be6 13. Bxe6 Kxe6 14. Bd2 Nd7 15. Ra4 Bd6 16. Rha1 Rhc8 17. Nd1 Nc5 18. R4a2 f5 19. Nf2 fxe4 20. fxe4 Nd7 21. Nd3 Nc5 22. Nf2 Nd7 23. Nh3 Nc5 24. Ng5+ Ke7 25. Be3 h6 26. Bxc5 Bxc5 27. Nf3 Ke6 28. Ra4 a6 29. Rc4 Be7 30. Rc3 Rd8 31. Rb3 Rd7 32. Rd3 Rxd3 33. cxd3 Bc5 34. Nd2 Rf8 35. Rf1 Rxf1 36. Kxf1 Bb4 37. Nc4 Bc5 38. Ke2 Bg1 39. h3 Bc5 40. Kf3 Bb4 41. Kg4 Be7 42. Kf3 Bb4 43. Ke3 Bc5+ 44. Kd2 Bb4+ 45. Kc2 h5 46. Kb3 Be1 47. Ka4 Bf2 48. Nd2 Be3 49. Nf3 Bc5 50. Kb3 Bd6 51. Kc4 Bc7 52. b4 b6 53. axb6 Bxb6 54. Nd2 Kf6 55. Nf3 Bf2 56. Kb3 Bb6 57. Kc3 a5 58. bxa5 Bxa5+ 59. Kc2 Bb6 60. Kd1 Ke6 61. Ke2 Kf6 62. Nd2 Ke6 63. Kf3 Ba5 64. Nc4 Bd8 65. g4 hxg4+ 66. Kxg4 Be7 67. Na5 Kd6 68. Kf3 Bf8 69. Ke2 Be7 70. Kd2 Bh4 71. Nb3 Bg5+ 72. Ke2 Be7 73. Na5 Kd7 74. Kf3 Bd8 75. Nc4 Ke6 76. Kg4 Kf6 77. h4 Ke6 78. h5 gxh5+ 79. Kxh5 Kf6 80. Kh6 Bc7 81. Ne3 Ba5 82. Ng4+ Ke6 83. Kg6 Bc7 84. Nh2 Kd6 85. Kf5 Kc5 86. Nf3 Kb4 87. Nxe5 Kc3 88. Nxc6 Kxd3 89. e5 Bxe5 90. Nxe5+ 1/2-1/2

[Event "V Floripa Chess Open 2019"]
[Site "Florianopolis/SC"]
[Date "2019.01.26"]
[Round "8.2"]
[White "Granda Zuniga, Julio E"]
[Black "Proudian, Armen"]
[Result "1-0"]
[WhiteElo "2641"]
[BlackElo "2413"]
[Annotator "TA"]
[PlyCount "65"]
[EventDate "2019.01.21"]
[EventRounds "10"]
[EventCountry "BRA"]

1. e4 e5 2. Nf3 Nc6 3. Bb5 a6 4. Ba4 Nf6 5. O-O Be7 6. Re1 b5 7. Bb3 O-O 8. h3 Bb7 9. d3 d5 10. exd5 Nxd5 11. Nxe5 Nxe5 12. Rxe5 Qd6 13. Re1 Rae8 14. Nd2 c5 15. Ne4 Qg6 16. Qg4 Qb6 17. Bg5 f5 18. Qh4 fxe4 19. Bxe7 Rxe7 20. Bxd5+ Bxd5 21. Qxe7 exd3 22. Qg5 Qc6 23. Re7 Bf7 24. cxd3 h6 25. Qe5 Qg6 26. Qxc5 Rd8 27. Re3 Rd5 28. Qc8+ Kh7 29. Rg3 Qd6 30. Rc1 Re5 31. a3 Re2 32. Qc3 Qf8 33. Re1 1-0

[Event "V Floripa Chess Open 2019"]
[Site "Florianopolis/SC"]
[Date "2019.01.26"]
[Round "8.3"]
[White "Rangel, Daniel"]
[Black "Supi, Luis Paulo"]
[Result "1/2-1/2"]
[WhiteElo "2322"]
[BlackElo "2546"]
[Annotator "TA"]
[PlyCount "60"]
[EventDate "2019.01.21"]
[EventRounds "10"]
[EventCountry "BRA"]

1. c4 e5 2. g3 Nc6 3. Bg2 Bc5 4. Nc3 d6 5. e3 Nge7 6. Nge2 a6 7. O-O O-O 8. b3 Ba7 9. d4 exd4 10. Nxd4 Nxd4 11. exd4 Nf5 12. Bb2 Nxd4 13. Nd5 Nc6 14. Re1 Ne5 15. Bxe5 dxe5 16. Rxe5 Be6 17. Re1 c6 18. Nf4 Qxd1 19. Raxd1 Bg4 20. Rd3 Bf5 21. Rdd1 Bg4 22. Rd3 Rfd8 23. Re7 g5 24. Rxb7 Bc5 25. Bh3 gxf4 26. Rxd8+ Rxd8 27. Bxg4 fxg3 28. hxg3 Rd2 29. Kg2 Rxa2 30. Bd7 Rxf2+ 1/2-1/2

[Event "V Floripa Chess Open 2019"]
[Site "Florianopolis/SC"]
[Date "2019.01.26"]
[Round "8.4"]
[White "Frois, Vitor Amorim"]
[Black "Hoffman, Alejandro"]
[Result "0-1"]
[WhiteElo "2109"]
[BlackElo "2454"]
[Annotator "TA"]
[PlyCount "110"]
[EventDate "2019.01.21"]
[EventRounds "10"]
[EventCountry "BRA"]

1. e4 c5 2. Nf3 d6 3. g3 g6 4. Bg2 Bg7 5. O-O Nc6 6. c3 e5 7. d3 Nge7 8. a3 O-O 9. b4 a6 10. Nbd2 h6 11. Rb1 Rb8 12. Bb2 b5 13. Nb3 Qb6 14. Bc1 cxb4 15. axb4 f5 16. Be3 Qc7 17. Qd2 g5 18. exf5 Nxf5 19. Qe2 Bb7 20. Nfd2 Nce7 21. Ne4 Rbe8 22. Rbc1 d5 23. Nec5 Bc8 24. Ra1 Qd6 25. Ra2 Ng6 26. Bd2 Kh8 27. Rfa1 Rf6 28. Nxa6 e4 29. dxe4 dxe4 30. Nac5 e3 31. Qxb5 exf2+ 32. Kh1 Rff8 33. Qd3 Qe5 34. Ne4 Rd8 35. Qf1 Be6 36. Ra5 Qb8 37. Nbc5 Bd5 38. c4 Bxe4 39. Nxe4 Bxa1 40. Qxa1+ Ng7 41. Bc3 Qb7 42. Nf6 Qe7 43. Nh5 Qe2 44. Bxg7+ Kh7 45. Qf1 Rd1 46. Ra1 Rxf1+ 47. Rxf1 Rf5 48. g4 Nf4 49. gxf5 Qxh5 50. Be5 Nd3 51. Bg3 Qg4 52. Bxf2 Qxf5 53. Bd4 Nf4 54. Bf3 Qd3 55. Ra1 Qxf3+ 0-1

[Event "V Floripa Chess Open 2019"]
[Site "Florianopolis/SC"]
[Date "2019.01.26"]
[Round "8.5"]
[White "Quintiliano Pinto, Renato R."]
[Black "Umetsubo, Cesar Hidemitsu"]
[Result "1/2-1/2"]
[WhiteElo "2441"]
[BlackElo "2407"]
[Annotator "RC"]
[PlyCount "61"]
[EventDate "2019.01.21"]
[EventRounds "10"]
[EventCountry "BRA"]

1. Nf3 Nf6 2. e3 d5 3. c4 e6 4. b3 c5 5. Bb2 Nc6 6. cxd5 exd5 7. Bb5 Bd7 8. O-O Bd6 9. Bxf6 Qxf6 10. Nc3 Be6 11. e4 d4 12. e5 Bxe5 13. Ne4 Qf5 14. Nxe5 Qxe5 15. Bxc6+ bxc6 16. Re1 O-O 17. d3 Rfe8 18. Qd2 h6 19. Rac1 Bd5 20. Nxc5 Qf5 21. f3 h5 22. Ne4 a5 23. Qf2 a4 24. Qxd4 axb3 25. axb3 Reb8 26. b4 Ra2 27. Ra1 Rba8 28. Rxa2 Rxa2 29. Ra1 Rc2 30. Qe3 f6 31. Re1 1/2-1/2

[Event "V Floripa Chess Open 2019"]
[Site "Florianopolis/SC"]
[Date "2019.01.26"]
[Round "8.7"]
[White "Cubas, Jose Fernando"]
[Black "Viana, Dirceu"]
[Result "1-0"]
[WhiteElo "2506"]
[BlackElo "2173"]
[Annotator "TA"]
[PlyCount "57"]
[EventDate "2019.01.21"]
[EventRounds "10"]
[EventCountry "BRA"]

1. g3 e5 2. c4 d6 3. Nc3 f5 4. Bg2 Nf6 5. d3 Be7 6. e4 c6 7. Nge2 O-O 8. O-O fxe4 9. dxe4 Be6 10. b3 a6 11. a4 a5 12. h3 Na6 13. f4 Nd7 14. Be3 Kh8 15. Ra2 Ndc5 16. Rd2 Qb6 17. f5 Bg8 18. Nc1 Bg5 19. Bxg5 Nxe4+ 20. Kh2 Nxg5 21. h4 Nf7 22. f6 g6 23. Ne4 Rad8 24. Nxd6 Nxd6 25. Rxd6 Bf7 26. Re1 Rfe8 27. Rxe5 Rxd6 28. Rxe8+ Bxe8 29. Qxd6 1-0

[Event "V Floripa Chess Open 2019"]
[Site "Florianopolis/SC"]
[Date "2019.01.26"]
[Round "8.8"]
[White "Guimaraes, Diogo Duarte"]
[Black "Rodriguez Vila, Andres"]
[Result "1/2-1/2"]
[WhiteElo "2278"]
[BlackElo "2480"]
[Annotator "RC"]
[PlyCount "82"]
[EventDate "2019.01.21"]
[EventRounds "10"]
[EventCountry "BRA"]

1. e4 c5 2. Nf3 Nc6 3. d4 cxd4 4. Nxd4 d6 5. Bb5 Bd7 6. O-O Nf6 7. Nc3 g6 8. Nd5 Bg7 9. Nxf6+ Bxf6 10. c3 O-O 11. Bh6 Re8 12. Kh1 Qb6 13. a4 a6 14. a5 Qc7 15. Ba4 Red8 16. Nb3 Be6 17. f4 Nxa5 18. Nxa5 Qxa5 19. Bd7 Qc7 20. Bxe6 fxe6 21. Qb3 d5 22. f5 exf5 23. exd5 Qd6 24. c4 Be5 25. Rae1 Rac8 26. Bd2 Bf6 27. Bb4 Qd7 28. Ba5 Re8 29. Re6 b5 30. cxb5 axb5 31. d6 Kg7 32. Rd1 Rc4 33. Rde1 Re4 34. R1xe4 fxe4 35. Bc3 Bxc3 36. Qxc3+ Kf7 37. Rxe4 exd6 38. Rf4+ Kg8 39. h3 d5 40. Qf6 Qg7 41. Qc6 Qe5 1/2-1/2

[Event "V Floripa Chess Open 2019"]
[Site "Florianopolis/SC"]
[Date "2019.01.26"]
[Round "8.9"]
[White "Perdomo, Leandro"]
[Black "Madeira, Wagner Martins"]
[Result "1-0"]
[WhiteElo "2470"]
[BlackElo "2170"]
[Annotator "TA RC"]
[PlyCount "81"]
[EventDate "2019.01.21"]
[EventRounds "10"]
[EventCountry "BRA"]

1. d4 Nf6 2. c4 c5 3. d5 b5 4. cxb5 a6 5. bxa6 e6 6. Nc3 exd5 7. Nxd5 Bxa6 8. e3 Bxf1 9. Kxf1 Nc6 10. Ne2 Nxd5 11. Qxd5 Be7 12. Bd2 O-O 13. Bc3 Ra7 14. Nf4 Qb6 15. Qc4 Rfa8 16. Nd5 Qd8 17. Qg4 g6 18. a4 Nb4 19. Bxb4 Rxa4 20. Rxa4 Rxa4 21. Qd1 Rxb4 22. Nxb4 cxb4 23. b3 Qa8 24. h4 h5 25. Rh3 Qe4 26. Rf3 Qxh4 27. Qxd7 Qh1+ 28. Ke2 Kf8 29. Qd5 f6 30. g3 Qc1 31. Rf4 Qc8 32. Re4 Qa6+ 33. Qc4 Qb7 34. Re6 Qa8 35. Rc6 Kg7 36. Rc7 Qa2+ 37. Kf1 Qa1+ 38. Kg2 Qe5 39. Rc8 g5 40. Rg8+ Kh6 41. Qf7 1-0

[Event "V Floripa Chess Open 2019"]
[Site "Florianopolis/SC"]
[Date "2019.01.26"]
[Round "8.10"]
[White "Miguel, Gabriel Carvalho Mo"]
[Black "Matsuura, Everaldo"]
[Result "0-1"]
[WhiteElo "2246"]
[BlackElo "2468"]
[Annotator "TA RC"]
[PlyCount "44"]
[EventDate "2019.01.21"]
[EventRounds "10"]
[EventCountry "BRA"]

1. e4 c5 2. Nf3 Nc6 3. Bb5 Na5 4. O-O a6 5. Be2 e6 6. d4 cxd4 7. Nxd4 Qc7 8. c4 Nf6 9. Qd3 b6 10. Nc3 Bb7 11. b3 Bb4 12. f3 b5 13. Bd2 bxc4 14. bxc4 Bc5 15. Kh1 d6 16. Nb3 Nc6 17. f4 Ba7 18. Rac1 O-O 19. Nd5 exd5 20. cxd5 Qb6 21. dxc6 Bxc6 22. Qxd6 Nxe4 0-1

[Event "V Floripa Chess Open 2019"]
[Site "Florianopolis/SC"]
[Date "2019.01.26"]
[Round "8.11"]
[White "Molina, Roberto Junio Brito"]
[Black "Maia, Jose Eduardo Bastos"]
[Result "1-0"]
[WhiteElo "2458"]
[BlackElo "2087"]
[Annotator "RC"]
[PlyCount "49"]
[EventDate "2019.01.21"]
[EventRounds "10"]
[EventCountry "BRA"]

1. Nf3 Nf6 2. c4 e6 3. d4 Bb4+ 4. Bd2 Qe7 5. g3 O-O 6. Bg2 Nc6 7. O-O Bxd2 8. Qxd2 d6 9. Nc3 e5 10. d5 Nb8 11. e4 a5 12. Ne1 Na6 13. Nd3 c6 14. a3 cxd5 15. cxd5 Bd7 16. f4 Nc7 17. Nxe5 dxe5 18. d6 Qe6 19. dxc7 Qb6+ 20. Kh1 Qxc7 21. fxe5 Qxe5 22. Rxf6 Qxf6 23. Qxd7 Rfd8 24. Qb5 Rd2 25. e5 1-0

[Event "V Floripa Chess Open 2019"]
[Site "Florianopolis/SC"]
[Date "2019.01.26"]
[Round "8.12"]
[White "Cruz, William Ferreira Da"]
[Black "Languidey, Simon Alejandro"]
[Result "0-1"]
[WhiteElo "2232"]
[BlackElo "2416"]
[Annotator "TA"]
[PlyCount "90"]
[EventDate "2019.01.21"]
[EventRounds "10"]
[EventCountry "BRA"]

1. d4 d5 2. c4 e6 3. Nc3 a6 4. cxd5 exd5 5. Bf4 Nf6 6. Nf3 Bd6 7. Bxd6 Qxd6 8. Qc2 g6 9. e3 Bf5 10. Bd3 Bxd3 11. Qxd3 Nbd7 12. O-O O-O 13. h3 Rfe8 14. Nd2 Rad8 15. Rfd1 Kg7 16. Rac1 c6 17. Na4 Re7 18. Nc5 Nxc5 19. Rxc5 Ne8 20. Nb3 Qf6 21. Rc3 Nd6 22. Nc5 Qg5 23. Rb3 f5 24. Qd2 Rde8 25. Nd3 Nc4 26. Qc1 Rf8 27. f4 Qf6 28. Ne5 Qe6 29. Qc3 Kg8 30. Rc1 Nd6 31. Qc5 Qf6 32. Rd3 Rg7 33. Rf1 g5 34. Qc2 Ne4 35. fxg5 Qxg5 36. Rf4 Qg3 37. Rf3 Qh4 38. Kh2 Rf6 39. Rd1 Rh6 40. Rdf1 Rg3 41. Kh1 Rh5 42. Nd3 Rhg5 43. Nf4 Rxf3 44. gxf3 Ng3+ 45. Kg2 Nh5+ 0-1

[Event "V Floripa Chess Open 2019"]
[Site "Florianopolis/SC"]
[Date "2019.01.26"]
[Round "8.13"]
[White "Almiron, Antonio"]
[Black "Filgueiras, Nathan Felipe"]
[Result "1-0"]
[WhiteElo "2392"]
[BlackElo "2161"]
[PlyCount "53"]
[EventDate "2019.01.21"]
[EventRounds "10"]
[EventCountry "BRA"]

1. d4 Nf6 2. c4 e6 3. g3 d5 4. Nf3 dxc4 5. Bg2 Bd7 6. Ne5 Bc6 7. Nxc6 Nxc6 8. O-O Qd7 9. e3 O-O-O 10. Nd2 e5 11. Nxc4 exd4 12. Qb3 Nd5 13. Rd1 f6 14. exd4 Nb6 15. Be3 Kb8 16. d5 Ne5 17. Nxe5 fxe5 18. a4 Bd6 19. a5 Nc8 20. Bf1 Ne7 21. Qc4 Nf5 22. Rd3 Nxe3 23. Rxe3 g5 24. Rb3 Ka8 25. Rc1 Rc8 26. a6 b6 27. Bh3 1-0

[Event "V Floripa Chess Open 2019"]
[Site "Florianopolis/SC"]
[Date "2019.01.26"]
[Round "8.14"]
[White "Caldeira, Adriano"]
[Black "Menna Barreto, Felipe Kubiaki"]
[Result "1/2-1/2"]
[WhiteElo "2157"]
[BlackElo "2389"]
[PlyCount "82"]
[EventDate "2019.01.21"]
[EventRounds "10"]
[EventCountry "BRA"]

1. e4 c6 2. d4 d5 3. Nd2 dxe4 4. Nxe4 Nf6 5. Nxf6+ exf6 6. c3 Bd6 7. Bd3 O-O 8. Qc2 Re8+ 9. Ne2 g6 10. Be3 Na6 11. h4 Nc7 12. h5 f5 13. O-O-O Nd5 14. Bd2 b5 15. g4 Qf6 16. gxf5 Bxf5 17. Ng3 Bxd3 18. Qxd3 Qxf2 19. hxg6 fxg6 20. Ne4 Qf5 21. Rde1 Re6 22. Kc2 Bf4 23. Nc5 Qxd3+ 24. Nxd3 Rxe1 25. Rxe1 Bxd2 26. Kxd2 Rc8 27. Re6 Rc7 28. b3 Ne7 29. Ne5 Kg7 30. c4 bxc4 31. bxc4 h5 32. Kd3 h4 33. Ke4 h3 34. Kf3 g5 35. Kg3 g4 36. Nxg4 Nf5+ 37. Kxh3 Nxd4 38. Rd6 Nf5 39. Re6 Nd4 40. Rd6 Nf5 41. Re6 Nd4 1/2-1/2